The snow queen / (Record no. 111899)
[ view plain ]
| 000 -LEADER | |
|---|---|
| fixed length control field | 00400nam a2200157 a 4500 |
| 005 - DATE AND TIME OF LATEST TRANSACTION | |
| control field | 20140414131924.0 |
| 008 - FIXED-LENGTH DATA ELEMENTS--GENERAL INFORMATION | |
| fixed length control field | 101026s19uu xx 00 eng d |
| 050 ## - LIBRARY OF CONGRESS CALL NUMBER | |
| Classification number | ER |
| Item number | Sn6 1983 |
| 100 ## - MAIN ENTRY--PERSONAL NAME | |
| Personal name | Collins, Joan |
| 245 ## - TITLE STATEMENT | |
| Title | The snow queen / |
| Statement of responsibility, etc | retold by Joan Collins. |
| 260 ## - PUBLICATION, DISTRIBUTION, ETC. (IMPRINT) | |
| Place of publication, distribution, etc | Loughborough, UK : |
| Name of publisher, distributor, etc | Ladybird, |
| Date of publication, distribution, etc | 1983. |
| 440 ## - SERIES STATEMENT/ADDED ENTRY--TITLE | |
| Title | Well-loved tales |
| 650 ## - SUBJECT ADDED ENTRY--TOPICAL TERM | |
| Topical term or geographic name as entry element | |
| 650 ## - SUBJECT ADDED ENTRY--TOPICAL TERM | |
| Topical term or geographic name as entry element | |
| Withdrawn status | Lost status | Damaged status | Home library | Current library | Shelving location | Date acquired | Total Checkouts | Full call number | Barcode | Date last seen | Price effective from | Koha item type |
|---|---|---|---|---|---|---|---|---|---|---|---|---|
| Munich Library | Munich Library | Easy Reading Section | 10/26/2010 | ER Sn6 1983 | M2818 | 04/14/2014 | 04/14/2014 | Books |